书目信息 |
| 题名: |
表面活性剂科学与应用
|
|
| 作者: | 宋昭峥 编著 | |
| 分册: | ||
| 出版信息: | 北京 中国石化出版社 2015.02 |
|
| 页数: | 307页 | |
| 开本: | 26cm | |
| 丛书名: | ||
| 单 册: | ||
| 中图分类: | TQ423.9 | |
| 科图分类: | ||
| 主题词: | 表面活性剂 | |
| 电子资源: | ||
| ISBN: | 978-7-5114-3177-6 | |
| 000 | 01146nam0 2200265 450 | |
| 001 | 0120151538115 | |
| 005 | 20170418151452.82 | |
| 010 | @a978-7-5114-3177-6@dCNY60.00 | |
| 100 | @a20150429d2015 em y0chiy50 ea | |
| 101 | 0 | @achi |
| 102 | @aCN@b110000 | |
| 105 | @aa z 000yy | |
| 106 | @ar | |
| 200 | 1 | @a表面活性剂科学与应用@9biao mian huo xing ji ke xue yu ying yong@f宋昭峥[等]编著 |
| 205 | @a2版 | |
| 210 | @a北京@c中国石化出版社@d2015.02 | |
| 215 | @a307页@c图@d26cm | |
| 304 | @a编著还有:王军,蒋庆哲,南北杰,柯明 | |
| 330 | @a本书系统论述了各种表面活性剂的结构、性能、合成及用途,特别针对表面活性剂科学的最新发展,介绍了一些具有特殊结构和性能的新型表面活性剂;系统论述了表面活性剂在溶液中的状态与性质以及表面活性剂在界面上的吸附、润湿、渗透与反渗透、乳化与破乳、起泡与消泡、洗涤作用、增溶作用、分散与聚集、防腐、杀菌、抗静电等作用的基本原理。 | |
| 333 | @a本书可供涉及表面活性剂理论研究和应用的有关科研人员、工程技术人员使用,也适合高校相关专业师生 | |
| 606 | 0 | @a表面活性剂 |
| 690 | @aTQ423.9@v5 | |
| 701 | 0 | @a宋昭峥@9song zhao zheng@4编著 |
| 801 | 0 | @aCN@b人天书店@c20150429 |
| 905 | @b986135-38@dTQ423.9@e40=2@f4 | |
| 表面活性剂科学与应用/宋昭峥[等]编著.-2版.-北京:中国石化出版社,2015.02 |
| 307页:图;26cm |
| 使用对象:本书可供涉及表面活性剂理论研究和应用的有关科研人员、工程技术人员使用,也适合高校相关专业师生 |
| ISBN 978-7-5114-3177-6:CNY60.00 |
| 本书系统论述了各种表面活性剂的结构、性能、合成及用途,特别针对表面活性剂科学的最新发展,介绍了一些具有特殊结构和性能的新型表面活性剂;系统论述了表面活性剂在溶液中的状态与性质以及表面活性剂在界面上的吸附、润湿、渗透与反渗透、乳化与破乳、起泡与消泡、洗涤作用、增溶作用、分散与聚集、防腐、杀菌、抗静电等作用的基本原理。 |
| ● |
| 相关链接 |
|
|
|
|
正题名:表面活性剂科学与应用
索取号:TQ423.9/40=2
 
预约/预借
| 序号 | 登录号 | 条形码 | 馆藏地/架位号 | 状态 | 备注 |
| 1 | 986135 | 209861354 | 第二样本阅览室/ [索取号:TQ423.9/40=2] | 在馆 | |
| 2 | 986136 | 209861363 | 密集书库-化学系/ [索取号:TQ423.9/40=2] | 在馆 | |
| 3 | 986137 | 209861372 | 第三借阅区/ [索取号:TQ423.9/40=2] | 在馆 | |
| 4 | 986138 | 209861381 | 第三借阅区/ [索取号:TQ423.9/40=2] | 在馆 |